| 000 | 02755cam a2200373 a 4500 | ||
|---|---|---|---|
| 001 | 7092686 | ||
| 003 | ARRUPE | ||
| 005 | 20150414020006.0 | ||
| 008 | 080716s2009 nyu b 001 0 eng | ||
| 010 | _a 2008031399 | ||
| 020 | _a9780809074655 (hardcover : alk. paper) | ||
| 020 | _a0809074656 (hardcover : alk. paper) | ||
| 024 | _a99934997160 | ||
| 035 | _a(OCoLC)ocn234234198 | ||
| 035 | _a(OCoLC)234234198 | ||
| 035 | _a(NNC)7092686 | ||
| 040 |
_aDLC _cDLC _dBAKER _dYDXCP _dC#P _dBWX _dCDX _dIXA _dVP@ _dNLM _dBTCTA _dCQU _dYBM _dOrLoB-B |
||
| 050 | 0 | 0 |
_aQP411 _b.N599 2009 |
| 060 | 0 | 0 | _a2009 C-921 |
| 082 | 0 | 0 |
_a612.8/233 _222 |
| 100 | 1 |
_aNoë, Alva. _914655 |
|
| 245 | 1 | 0 |
_aOut of our heads : _bwhy you are not your brain, and other lessons from the biology of consciousness / _cAlva Noë. |
| 250 | _a1st ed. | ||
| 260 |
_aNew York : _bHill and Wang, _c2009. |
||
| 300 |
_axv, 214 p. ; _c22 cm. |
||
| 504 | _aIncludes bibliographical references (p. [189]-203) and index. | ||
| 505 | 0 | 0 |
_g1. _tAn Astonishing Hypothesis -- _g2. _tConscious Life -- _g3. _tThe Dynamics of Consciousness -- _g4. _tWide Minds -- _g5. _tHabits -- _g6. _tThe Grand Illusion -- _g7. _tVoyages of Discovery -- _g8. _tA Nothing Reserved for Everything -- _tEpilogue: Home Sweet Home. |
| 520 | 1 | _a"Alva Noe is one of a new breed - part philosopher, part cognitive scientist, part neuroscientist - who are radically altering the study of consciousness by asking difficult questions and pointing out obvious flaws in the current science. InOut of Our Heads, he restates and reexamines the problem of consciousness, and then proposes a startling solution: Do away with the two hundred-year-old paradigm that places consciousness within the confines of the brain." "Our culture is obsessed with the brain - how it perceives; how it remembers; how it determines our intelligence, our morality, our likes and our dislikes. It's widely believed that consciousness itself, that Holy Grail of science and philosophy, will soon be given a neural explanation. And yet, after decades of research, only one proposition about how the brain makes us conscious - how it gives rise to sensation, feeling, and subjectivity - has emerged unchallenged: We don't have a clue." "In this inventive work, Noe suggests that rather than being something that happens inside us, consciousness is something we do. Debunking an outmoded philosophy that holds the scientific study of consciousness captive, Out of Our Heads is a fresh attempt at understanding our minds and how we interact with the world around us."--BOOK JACKET. | |
| 650 | 0 |
_aConsciousness. _914656 |
|
| 900 | _bTOC | ||
| 942 |
_2lcc _cMONOGRAPH _02 |
||
| 948 | 1 |
_a20090330 _bc _cvt2130 _dMPS |
|
| 948 | 1 |
_a20091110 _bc _chew2 _dMPS |
|
| 999 |
_c121901 _d121901 |
||